Svědectví o komunismu: Pět "mentalit" pamětníků
Ako si pamätná časť súčasnej spoločnosti konštruuje obraz komunistickej éry. Zameriava sa na atribúty kolektívnej pamäte, ktoré naznačujú nielen zdieľané predstavy o minulosti komunistického režimu, ale aj adekvátne hodnotové orientácie v zmysle súčasnej politickej identity. Empirický základ textu p...
Salvato in:
| Autore principale: | |
|---|---|
| Natura: | Capitolo di libro |
| Lingua: | ceco |
| Soggetti: | |
| Tags: |
Nessun Tag, puoi essere il primo ad aggiungerne!!
|
MARC
| LEADER | 00000naa a2200000 4500 | ||
|---|---|---|---|
| 001 | 0294235 | ||
| 005 | 20231010112727.9 | ||
| 041 | 0 | |a cze | |
| 044 | |a SK | ||
| 245 | 1 | 0 | |a Svědectví o komunismu: Pět "mentalit" pamětníků |c Daniel Kunštát |
| 520 | |a Ako si pamätná časť súčasnej spoločnosti konštruuje obraz komunistickej éry. Zameriava sa na atribúty kolektívnej pamäte, ktoré naznačujú nielen zdieľané predstavy o minulosti komunistického režimu, ale aj adekvátne hodnotové orientácie v zmysle súčasnej politickej identity. Empirický základ textu predstavuje zistenia rozsiahleho kvantitatívneho skúmania "historického vedomia" generovania pamäte. Prezentované výsledky naznačujú, na akých základoch historického vedomia sa udržujú pestré politické identity, akú rolu tu zohrávajú dejiny vo vzťahu k minulosti. V tomto rámci sa päť špecifických typov pamäte týkalo obdobia pred nežnou revolúciou. | ||
| 610 | 2 | 0 | |a história |
| 610 | 2 | 0 | |a dejiny |
| 610 | 2 | 0 | |a spoločnosť |
| 610 | 2 | 0 | |a vedomie spoločenské |
| 610 | 2 | 0 | |a komunizmus |
| 610 | 2 | 0 | |a vývoj politický |
| 610 | 2 | 0 | |a vývoj spoločenský |
| 100 | 1 | |a Kunštát, Daniel | |